000 00286 a2200121 4500
020 _a0852974612
090 _c180
_d180
100 _aBrain Coyle
245 _aVenture capital & buyouts
260 _aCanterbury
_bCIB Publishing
_c2000
300 _a140 P
942 _aNBS
_cBK
_k658.15 COY
999 _c342754
_d342754